| 000 | 00552cam a2200205 a 4500 | ||
|---|---|---|---|
| 001 | 12609341 | ||
| 005 | 20231204225124.0 | ||
| 008 | 011024s2001 ii 000 0 eng | ||
| 020 | _a8186706399 | ||
| 040 |
_aDLC _cDLC |
||
| 082 |
_222 _a305.4 |
||
| 245 | 0 | 0 |
_aShadow lives : _bwritings on widowhood / _cedited by Uma Chakravarti, Preeti Gill. |
| 260 |
_aNew Delhi : _bKali for Women, _c2001. |
||
| 300 | _axii, 489 p. ; | ||
| 650 | 0 | _aWidows | |
| 650 | 0 | _aWidowhood | |
| 700 | 1 |
_aChakravarti, Uma. _eedt |
|
| 700 | 1 |
_aGill, Preeti. _eedt |
|
| 942 | _cL | ||
| 999 |
_c134 _d134 |
||